The Marquess of Dalhousie (Record no. 553310)
[ view plain ]
| 000 -LEADER | |
|---|---|
| fixed length control field | 00468cam a22001451 4500 |
| 082 ## - DEWEY DECIMAL CLASSIFICATION NUMBER | |
| Classification number | 954.031 |
| Author Mark | HUN |
| 100 1# - MAIN ENTRY--PERSONAL NAME | |
| Personal name | Hunter, William Wilson, |
| 9 (RLIN) | 49482 |
| 245 04 - TITLE STATEMENT | |
| Title | The Marquess of Dalhousie |
| Statement of responsibility, etc. | by Sir William Wilson Hunter. |
| Remainder of title | Rulers of india |
| 260 ## - PUBLICATION, DISTRIBUTION, ETC. | |
| Place of publication, distribution, etc. | Oxford, |
| Name of publisher, distributor, etc. | Clarendon press, |
| Date of publication, distribution, etc. | 1895. |
| 300 ## - PHYSICAL DESCRIPTION | |
| Extent | 225 p. |
| Dimensions | 20 cm. |
| 490 0# - SERIES STATEMENT | |
| Series statement | Rulers of India [v. 22] |
| 500 ## - GENERAL NOTE | |
| General note | Series title also at head of t.-p. |
| 526 ## - STUDY PROGRAM INFORMATION NOTE | |
| Program name | 0 |
| Interest level | 0 |
| Reading level | 0 |
| Title point value | 954_031000000000000_HUN |
| 942 ## - ADDED ENTRY ELEMENTS (KOHA) | |
| Source of classification or shelving scheme | |
| Koha item type | Book |
| Withdrawn status | Lost status | Source of classification or shelving scheme | Damaged status | Not for loan | Permanent Location | Current Location | Shelving location | Date acquired | Total Checkouts | Full call number | Barcode | Date last seen | Price effective from | Koha item type |
|---|---|---|---|---|---|---|---|---|---|---|---|---|---|---|
| Military College of Engineering (MCE) | Military College of Engineering (MCE) | 02/03/2015 | 954.031 HUN | MCE-ECR.230 | 02/03/2015 | 02/03/2015 | Book |
